{"text_format":"3","workbook":"xlsx","n_sheets":1,"sheets":["t14"],"read":"whole","date_system":"1900"}

{"sheet":"t14","index":0,"n_rows":149,"n_cols":7,"rows_kept":149,"merged":[[0,0,0,6],[30,0,30,5],[41,0,41,5],[132,0,132,5]]}
["TABELA 14.1 - Estatísticas Agrícolas, Município de Alumínio, Estado de São Paulo, 2007/08."]
["ITEM","UNIDADE","N.DE UPAs","MÍNIMO","MÉDIO","MÁXIMO","TOTAL"]
["Distância à sede do município","km",25,{"v":1,"d":"1.0"},{"v":7.82,"d":"7.8"},{"v":20,"d":"20.0"},"-"]
["Área total","hectare",25,3.6,{"v":303.11,"d":"303.1"},{"v":4640.8,"d":"4,640.8"},{"v":7577.8,"d":"7,577.8"}]
["Área com cultura perene","hectare",5,0.2,{"v":1.04,"d":"1.0"},3.5,5.2]
["Área com cultura temporária","hectare",11,0.5,{"v":8.51,"d":"8.5"},{"v":57,"d":"57.0"},93.6]
["Área com pastagem","hectare",23,{"v":1,"d":"1.0"},{"v":126.29,"d":"126.3"},{"v":1340.5,"d":"1,340.5"},{"v":2904.6,"d":"2,904.6"}]
["Área com reflorestamento","hectare",14,1.2,{"v":173.96,"d":"174.0"},{"v":2223.7,"d":"2,223.7"},{"v":2435.4,"d":"2,435.4"}]
["Área com vegetação natural","hectare",22,{"v":1,"d":"1.0"},{"v":28.97,"d":"29.0"},217.7,637.4]
["Área com vegetação de brejo e várzea","hectare",6,0.3,{"v":0.88,"d":"0.9"},{"v":2,"d":"2.0"},5.3]
["Área em descanso","hectare",16,0.7,{"v":89.96,"d":"90.0"},866.5,{"v":1439.3,"d":"1,439.3"}]
["Área complementar","hectare",25,0.1,{"v":2.28,"d":"2.3"},{"v":14,"d":"14.0"},{"v":57,"d":"57.0"}]
["Área das UPAs com (0, 1] ha","hectare","-","-","-","-","-"]
["Área das UPAs com (1, 2] ha","hectare","-","-","-","-","-"]
["Área das UPAs com (2, 5] ha","hectare",1,3.6,3.6,3.6,3.6]
["Área das UPAs com (5, 10] ha","hectare",2,{"v":6,"d":"6.0"},7.2,8.4,14.4]
["Área das UPAs com (10, 20] ha","hectare",7,11.8,{"v":15.94,"d":"15.9"},19.3,111.6]
["Área das UPAs com (20, 50] ha","hectare",3,22.9,{"v":26.97,"d":"27.0"},{"v":29,"d":"29.0"},80.9]
["Área das UPAs com (50, 100] ha","hectare",4,{"v":55,"d":"55.0"},{"v":71.53,"d":"71.5"},87.1,286.1]
["Área das UPAs com (100, 200] ha","hectare",5,109.6,{"v":156.36,"d":"156.4"},{"v":189,"d":"189.0"},781.8]
["Área das UPAs com (200, 500] ha","hectare",1,204.6,204.6,204.6,204.6]
["Área das UPAs com (500, 1.000] ha","hectare","-","-","-","-","-"]
["Área das UPAs com (1.000, 2.000] ha","hectare",1,{"v":1454,"d":"1,454.0"},{"v":1454,"d":"1,454.0"},{"v":1454,"d":"1,454.0"},{"v":1454,"d":"1,454.0"}]
["Área das UPAs com (2.000, 5.000] ha","hectare",1,{"v":4640.8,"d":"4,640.8"},{"v":4640.8,"d":"4,640.8"},{"v":4640.8,"d":"4,640.8"},{"v":4640.8,"d":"4,640.8"}]
["Área das UPAs com (5.000, 10.000] ha","hectare","-","-","-","-","-"]
["Área das UPAs acima de 10.000 ha","hectare","-","-","-","-","-"]
["Familiares do proprietário que trabalham na UPA","unidade",7,{"v":1,"d":"1.0"},{"v":2.14,"d":"2.1"},{"v":4,"d":"4.0"},{"v":15,"d":"15.0"}]
["Trabalhadores permanentes","unidade",18,{"v":1,"d":"1.0"},{"v":2.61,"d":"2.6"},{"v":12,"d":"12.0"},{"v":47,"d":"47.0"}]
["Fonte: Secretaria de Agricultura e Abastecimento, CDRS/IEA, Projeto LUPA."]
[]
["TABELA 14.2 - Explorações Animais, Município de Alumínio, Estado de São Paulo, 2007/08."]
["ITEM","UNIDADE","N.DE UPAs","MÍNIMO","MÉDIO","MÁXIMO","TOTAL"]
["Apicultura","colmeias",1,{"v":20,"d":"20.0"},{"v":20,"d":"20.0"},{"v":20,"d":"20.0"},{"v":20,"d":"20.0"}]
["Avicultura de Corte","cabeças/ano",1,{"v":120,"d":"120.0"},{"v":120,"d":"120.0"},{"v":120,"d":"120.0"},{"v":120,"d":"120.0"}]
["Bovinocultura de Corte","cabeças",4,{"v":20,"d":"20.0"},{"v":558.75,"d":"558.8"},{"v":1985,"d":"1,985.0"},{"v":2235,"d":"2,235.0"}]
["Bovinocultura Leiteira","cabeças",2,{"v":17,"d":"17.0"},17.5,{"v":18,"d":"18.0"},{"v":35,"d":"35.0"}]
["Bovinocultura Mista","cabeças",9,{"v":1,"d":"1.0"},{"v":38.44,"d":"38.4"},{"v":150,"d":"150.0"},{"v":346,"d":"346.0"}]
["Equinocultura","cabeças",14,{"v":2,"d":"2.0"},{"v":15.07,"d":"15.1"},{"v":40,"d":"40.0"},{"v":211,"d":"211.0"}]
["Suinocultura","cabeças",3,{"v":30,"d":"30.0"},{"v":136.67,"d":"136.7"},{"v":300,"d":"300.0"},{"v":410,"d":"410.0"}]
["Fonte: Secretaria de Agricultura e Abastecimento, CDRS/IEA, Projeto LUPA."]
[]
["TABELA 14.3 -  Máquinas, Implementos e Benfeitorias, Município de Alumínio, Estado de São Paulo, 2007/08."]
["ITEM","UNIDADE","N.DE UPAs","MÍNIMO","MÉDIO","MÁXIMO","TOTAL"]
["Arado Comum (Bacia, Aiveca)","Unidade",6,{"v":1,"d":"1.0"},{"v":1.33,"d":"1.3"},{"v":2,"d":"2.0"},{"v":8,"d":"8.0"}]
["Arado Escarificador","Unidade",1,{"v":1,"d":"1.0"},{"v":1,"d":"1.0"},{"v":1,"d":"1.0"},{"v":1,"d":"1.0"}]
["Arado Subsolador","Unidade",3,{"v":1,"d":"1.0"},{"v":1,"d":"1.0"},{"v":1,"d":"1.0"},{"v":3,"d":"3.0"}]
["Batedeira de Cereais","Unidade",1,{"v":1,"d":"1.0"},{"v":1,"d":"1.0"},{"v":1,"d":"1.0"},{"v":1,"d":"1.0"}]
["Conj.Irrigação Convencional","Unidade",1,{"v":1,"d":"1.0"},{"v":1,"d":"1.0"},{"v":1,"d":"1.0"},{"v":1,"d":"1.0"}]
["Conj.Irrigação Pivot Central","Unidade",1,{"v":1,"d":"1.0"},{"v":1,"d":"1.0"},{"v":1,"d":"1.0"},{"v":1,"d":"1.0"}]
["Conjunto de Fenação","Unidade",1,{"v":1,"d":"1.0"},{"v":1,"d":"1.0"},{"v":1,"d":"1.0"},{"v":1,"d":"1.0"}]
["Desintegrador, Picador, Triturador","Unidade",9,{"v":1,"d":"1.0"},{"v":1.33,"d":"1.3"},{"v":2,"d":"2.0"},{"v":12,"d":"12.0"}]
["Distribuidor de Calcário","Unidade",2,{"v":1,"d":"1.0"},{"v":1,"d":"1.0"},{"v":1,"d":"1.0"},{"v":2,"d":"2.0"}]
["Ensiladeira","Unidade",1,{"v":1,"d":"1.0"},{"v":1,"d":"1.0"},{"v":1,"d":"1.0"},{"v":1,"d":"1.0"}]
["Grade Aradora (Tipo Romi)","Unidade",3,{"v":1,"d":"1.0"},{"v":1,"d":"1.0"},{"v":1,"d":"1.0"},{"v":3,"d":"3.0"}]
["Grade Niveladora","Unidade",4,{"v":1,"d":"1.0"},{"v":1.25,"d":"1.3"},{"v":2,"d":"2.0"},{"v":5,"d":"5.0"}]
["Implementos para Tração Animal","Unidade",1,{"v":5,"d":"5.0"},{"v":5,"d":"5.0"},{"v":5,"d":"5.0"},{"v":5,"d":"5.0"}]
["Microtrator","Unidade",2,{"v":1,"d":"1.0"},{"v":1,"d":"1.0"},{"v":1,"d":"1.0"},{"v":2,"d":"2.0"}]
["Misturador de Ração","Unidade",1,{"v":1,"d":"1.0"},{"v":1,"d":"1.0"},{"v":1,"d":"1.0"},{"v":1,"d":"1.0"}]
["Ordenhadeira Mecânica","Unidade",2,{"v":1,"d":"1.0"},{"v":1,"d":"1.0"},{"v":1,"d":"1.0"},{"v":2,"d":"2.0"}]
["Pulverizador Tratorizado","Unidade",1,{"v":1,"d":"1.0"},{"v":1,"d":"1.0"},{"v":1,"d":"1.0"},{"v":1,"d":"1.0"}]
["Resfriador de Leite, Tanque Expansão","Unidade",1,{"v":1,"d":"1.0"},{"v":1,"d":"1.0"},{"v":1,"d":"1.0"},{"v":1,"d":"1.0"}]
["Semeadeira/Adubadeira para Plantio Convencional","Unidade",1,{"v":2,"d":"2.0"},{"v":2,"d":"2.0"},{"v":2,"d":"2.0"},{"v":2,"d":"2.0"}]
["Trator de Pneus","Unidade",9,{"v":1,"d":"1.0"},{"v":1.89,"d":"1.9"},{"v":5,"d":"5.0"},{"v":17,"d":"17.0"}]
["Açude/Represa","Unidade",17,{"v":1,"d":"1.0"},{"v":2.41,"d":"2.4"},{"v":7,"d":"7.0"},{"v":41,"d":"41.0"}]
["Almoxarifado/Oficina","Unidade",3,{"v":1,"d":"1.0"},{"v":1,"d":"1.0"},{"v":1,"d":"1.0"},{"v":3,"d":"3.0"}]
["Armazém para Grãos Ensacados","Sacas",2,{"v":1,"d":"1.0"},{"v":1,"d":"1.0"},{"v":1,"d":"1.0"},{"v":2,"d":"2.0"}]
["Balança para Bovinos","Unidade",1,{"v":1,"d":"1.0"},{"v":1,"d":"1.0"},{"v":1,"d":"1.0"},{"v":1,"d":"1.0"}]
["Barracão para Granja/Avicultura","Unidade",2,{"v":1,"d":"1.0"},{"v":3,"d":"3.0"},{"v":5,"d":"5.0"},{"v":6,"d":"6.0"}]
["Barracão/Galpão/Garagem","Unidade",16,{"v":1,"d":"1.0"},1.5,{"v":3,"d":"3.0"},{"v":24,"d":"24.0"}]
["Casa de Moradia Habitada","Unidade",20,{"v":1,"d":"1.0"},{"v":3.05,"d":"3.1"},{"v":8,"d":"8.0"},{"v":61,"d":"61.0"}]
["Casa de Moradia Total","Unidade",21,{"v":1,"d":"1.0"},{"v":3.86,"d":"3.9"},{"v":14,"d":"14.0"},{"v":81,"d":"81.0"}]
["Curral/Mangueira","Unidade",12,{"v":1,"d":"1.0"},{"v":1.67,"d":"1.7"},{"v":4,"d":"4.0"},{"v":20,"d":"20.0"}]
["Depósito/Tulha","Unidade",1,{"v":2,"d":"2.0"},{"v":2,"d":"2.0"},{"v":2,"d":"2.0"},{"v":2,"d":"2.0"}]
["Estábulo","Unidade",1,{"v":1,"d":"1.0"},{"v":1,"d":"1.0"},{"v":1,"d":"1.0"},{"v":1,"d":"1.0"}]
["Fábrica de Ração","Unidade",1,{"v":1,"d":"1.0"},{"v":1,"d":"1.0"},{"v":1,"d":"1.0"},{"v":1,"d":"1.0"}]
["Instalações para Equinos","Unidade",10,{"v":1,"d":"1.0"},{"v":14,"d":"14.0"},{"v":30,"d":"30.0"},{"v":140,"d":"140.0"}]
["Máquina de Benefício","Unidade",1,{"v":1,"d":"1.0"},{"v":1,"d":"1.0"},{"v":1,"d":"1.0"},{"v":1,"d":"1.0"}]
["Pocilga","Unidade",2,{"v":1,"d":"1.0"},{"v":1,"d":"1.0"},{"v":1,"d":"1.0"},{"v":2,"d":"2.0"}]
["Poço Semi-Artesiano","Unidade",1,{"v":1,"d":"1.0"},{"v":1,"d":"1.0"},{"v":1,"d":"1.0"},{"v":1,"d":"1.0"}]
["Silo para Grãos","t",2,{"v":7,"d":"7.0"},128.5,{"v":250,"d":"250.0"},{"v":257,"d":"257.0"}]
["Silo para Silagem","t",2,{"v":1,"d":"1.0"},{"v":2,"d":"2.0"},{"v":3,"d":"3.0"},{"v":4,"d":"4.0"}]
["Fonte: Secretaria de Agricultura e Abastecimento, CDRS/IEA, Projeto LUPA."]
[]
["TABELA 14.4 - Outras Estatísticas Agrícolas, Município de Alumínio, Estado de São Paulo, 2007/08."]
["ITEM","Número de UPAs",null,"Percentual"]
["Faz Parte de Associação de Produtores",2,null,{"v":8,"d":"8.0"}]
["Faz Parte de Cooperativa de Produtores","-",null,"-"]
["Faz Parte do Sindicato de Produtores",2,null,{"v":8,"d":"8.0"}]
["Não utiliza assistência técnica ",14,null,{"v":56,"d":"56.0"}]
["Utiliza somente assistência técnica governamental ",0,null,{"v":0,"d":"0.0"}]
["Utiliza somente assistência técnica privada ",8,null,{"v":32,"d":"32.0"}]
["Utiliza assistência técnica tanto governamental quanto privada",3,null,{"v":12,"d":"12.0"}]
["Utiliza Crédito Rural","-",null,"-"]
["Utiliza Seguro Rural","-",null,"-"]
["Utiliza Escrituração Agrícola",7,null,{"v":28,"d":"28.0"}]
["Acessa Internet p/ Fins na Agropecuária",1,null,{"v":4,"d":"4.0"}]
["Utiliza Computador nas Atividades Agropecuárias",4,null,{"v":16,"d":"16.0"}]
["Utiliza Energia Elétrica Para Uso na Atividade Agrícola",25,null,{"v":100,"d":"100.0"}]
["Realiza Análise de Solo, quando necessário",7,null,{"v":28,"d":"28.0"}]
["Utiliza Práticas de Conservação de Solo, quando necessário",12,null,{"v":48,"d":"48.0"}]
["Faz Adubação Mineral, quando necessário",11,null,{"v":44,"d":"44.0"}]
["Faz Adubação Orgânica, quando necessário",12,null,{"v":48,"d":"48.0"}]
["Faz Adubação Verde, quando necessário",6,null,{"v":24,"d":"24.0"}]
["Utiliza Manejo Integrado de Pragas (MIP)","-",null,"-"]
["Utiliza Hidroponia","-",null,"-"]
["Utiliza Plasticultura",1,null,{"v":4,"d":"4.0"}]
["Utiliza Mudas Fiscalizadas",5,null,{"v":20,"d":"20.0"}]
["Utiliza Semente Melhorada",12,null,{"v":48,"d":"48.0"}]
["Faz Confinamento de Bovinos",4,null,{"v":16,"d":"16.0"}]
["Utiliza Pastejo Intensivo",9,null,{"v":36,"d":"36.0"}]
["Faz Inseminação Artificial",1,null,{"v":4,"d":"4.0"}]
["Faz Mineralização do Rebanho",18,null,{"v":72,"d":"72.0"}]
["Faz Vermifugação do Rebanho",19,null,{"v":76,"d":"76.0"}]
["Possui Parceiros /Arrendatários na Exploração Animal","-",null,"-"]
["Esporte e lazer",2,null,{"v":8,"d":"8.0"}]
["Extração mineral",1,null,{"v":4,"d":"4.0"}]
["Hotel Fazenda, Pousada ou SPA","-",null,"-"]
["Pesque-pague","-",null,"-"]
["Restaurante ou Lanchonete",1,null,{"v":4,"d":"4.0"}]
["Transformação artesanal","-",null,"-"]
["Turismo rural ou ecoturismo","-",null,"-"]
["Outras atividades econômicas rurais","-",null,"-"]
["Agroindústria","-",null,"-"]
["Proprietário sem instrução ou com instrução incompleta",1,null,{"v":4,"d":"4.0"}]
["Proprietário com antigo primário completo",6,null,{"v":24,"d":"24.0"}]
["Proprietário com 1° grau (ou antigo ginasial) completo","-",null,"-"]
["Proprietário com 2° grau (ou antigo colegial) completo",2,null,{"v":8,"d":"8.0"}]
["Proprietário com curso superior completo ",10,null,{"v":40,"d":"40.0"}]
["Pessoa Jurídica",6,null,{"v":24,"d":"24.0"}]
["Proprietário residente na própria UPA ",3,null,{"v":12,"d":"12.0"}]
["Fonte: Secretaria de Agricultura e Abastecimento, CDRS/IEA, Projeto LUPA."]
[]
["TABELA 14.5 - Área Cultivada, Município de Alumínio, Estado de São Paulo, 2007/08."]
["CULTURA","N.DE UPAs","MÍNIMO","MÉDIO","MÁXIMO","TOTAL"]
["Eucalipto",14,1.2,{"v":173.96,"d":"174.0"},{"v":2223.7,"d":"2,223.7"},{"v":2435.4,"d":"2,435.4"}]
["Outras gramineas para pastagem",2,{"v":40,"d":"40.0"},{"v":690.25,"d":"690.3"},{"v":1340.5,"d":"1,340.5"},{"v":1380.5,"d":"1,380.5"}]
["Braquiaria",17,{"v":1,"d":"1.0"},{"v":71.52,"d":"71.5"},{"v":744,"d":"744.0"},{"v":1215.9,"d":"1,215.9"}]
["Gramas",9,0.5,{"v":31.13,"d":"31.1"},122.6,280.2]
["Milho",8,0.5,{"v":8.56,"d":"8.6"},{"v":57,"d":"57.0"},68.5]
["Capim-napier (ou capim-elefante)",3,{"v":1,"d":"1.0"},{"v":6,"d":"6.0"},{"v":15,"d":"15.0"},{"v":18,"d":"18.0"}]
["Milho-silagem",2,{"v":5,"d":"5.0"},7.5,{"v":10,"d":"10.0"},{"v":15,"d":"15.0"}]
["Cana-de-acucar",5,{"v":1,"d":"1.0"},{"v":2,"d":"2.0"},{"v":5,"d":"5.0"},{"v":10,"d":"10.0"}]
["Outras leguminosas para pastagem",1,{"v":10,"d":"10.0"},{"v":10,"d":"10.0"},{"v":10,"d":"10.0"},{"v":10,"d":"10.0"}]
["Outras culturas temporárias",1,3.5,3.5,3.5,3.5]
["Banana",2,0.2,{"v":0.35,"d":"0.4"},0.5,0.7]
["Laranja",1,0.5,0.5,0.5,0.5]
["Cafe",1,0.5,0.5,0.5,0.5]
["Feijao",1,0.1,0.1,0.1,0.1]
["Fonte: Secretaria de Agricultura e Abastecimento, CDRS/IEA, Projeto LUPA."]